Logistics Engineering & Management (Record no. 30736)

MARC details
000 -LEADER
fixed length control field 00340nam a22001457a 4500
003 - CONTROL NUMBER IDENTIFIER
control field OSt
005 - DATE AND TIME OF LATEST TRANSACTION
control field 20220218094037.0
008 - FIXED-LENGTH DATA ELEMENTS--GENERAL INFORMATION
fixed length control field 220218b |||||||| |||| 00| 0 eng d
020 ## - INTERNATIONAL STANDARD BOOK NUMBER
International Standard Book Number 0131246992
040 ## - CATALOGING SOURCE
Transcribing agency HU
082 ## - DEWEY DECIMAL CLASSIFICATION NUMBER
Edition number 6th
Classification number 658.7
100 ## - MAIN ENTRY--PERSONAL NAME
Personal name Blanchard
9 (RLIN) 30789
245 ## - TITLE STATEMENT
Title Logistics Engineering & Management
942 ## - ADDED ENTRY ELEMENTS (KOHA)
Source of classification or shelving scheme Dewey Decimal Classification
Koha item type Books like text book referance book
Suppress in OPAC No
Holdings
Withdrawn status Lost status Source of classification or shelving scheme Damaged status Not for loan Home library Current library Shelving location Date acquired Total Checkouts Full call number Barcode Date last seen Copy number Price effective from Koha item type
    Dewey Decimal Classification     IoT Library IoT Library General Stacks 02/18/2022   658.7/BAL/2004 IOTL0013935 02/18/2022 1 02/18/2022 Books like text book referance book
    Dewey Decimal Classification     IoT Library IoT Library General Stacks 03/16/2022   658.7/BAL/2004 IOTL0017777 03/16/2022 2 03/16/2022 Books like text book referance book
    Dewey Decimal Classification     IoT Library IoT Library General Stacks 03/16/2022   658.7/BAL/2004 IOTL0017778 03/16/2022 3 03/16/2022 Books like text book referance book
    Dewey Decimal Classification     IoT Library IoT Library General Stacks 03/16/2022   658.7/BAL/2004 IOTL0017779 03/16/2022 4 03/16/2022 Books like text book referance book
    Dewey Decimal Classification     IoT Library IoT Library General Stacks 03/16/2022   658.7/BAL/2004 IOTL0017780 03/16/2022 5 03/16/2022 Books like text book referance book
    Dewey Decimal Classification     IoT Library IoT Library General Stacks 03/17/2022   658.7/BAL/2004 IOTL0018056 03/17/2022 6 03/17/2022 Books like text book referance book
    Dewey Decimal Classification     IoT Library IoT Library General Stacks 03/17/2022   658.7/BAL/2004 IOTL0018057 03/17/2022 7 03/17/2022 Books like text book referance book
    Dewey Decimal Classification     IoT Library IoT Library General Stacks 03/17/2022   658.7/BAL/2004 IOTL0018058 03/17/2022 8 03/17/2022 Books like text book referance book
    Dewey Decimal Classification     IoT Library IoT Library General Stacks 03/17/2022   658.7/BAL/2004 IOTL0018059 03/17/2022 9 03/17/2022 Books like text book referance book
    Dewey Decimal Classification     IoT Library IoT Library General Stacks 03/17/2022   658.7/BAL/2004 IOTL0018060 03/17/2022 10 03/17/2022 Books like text book referance book